000 00606nam a2200229 i 4500
001 C2-0253261
003 PPAK
005 20180727220431.0
008 040229s2003 my |||| ||||| | may d
040 _aPPAK
_beng
_cPPAK
_erda
082 0 4 _a310
_223
090 0 0 _a310
_bSTA
_dR
245 0 0 _aStatistik 1
264 1 _aKuala Lumpur :
_bUniversiti Terbuka Malaysia (OUM) ,
_c2003
300 _a318 pages ;
_c30 cm
336 _2rdacontent
_atext
337 _2rdamedia
_aunmediated
338 _2rdacarrier
_avolume
500 _aSTAT 2015 (MA 204 00) Jilid 2
650 1 0 _aStatistics
942 _ddc
_cB
999 _c66142
_d66142